| 000 | 01313nam a22001817a 4500 | ||
|---|---|---|---|
| 005 | 20161005152407.0 | ||
| 008 | 161005b xxu||||| |||| 00| 0 eng d | ||
| 040 | _aANE | ||
| 041 | _aEs | ||
| 082 | _aTV-4312 | ||
| 100 |
_a Bucaram Pulley, Abdalá _ecandidato presidencial por Fuerza Ecuador (FE) |
||
| 245 | _aAbdalá Bucaram Puley pedirá a Ecuador Tv que le entregue factura de la transmisión de convención de Alianza País | ||
| 260 |
_aGuayaquil _bTeleamazonas _c2016-10-05 |
||
| 300 | _ap. | ||
| 520 | _aAbdalá Bucaram Pulley, candidato presidencial por Fuerza Ecuador (FE), se manifestó sobre la transmisión de la convención de Alianza País por la televisión pública y los medios incautados (Gama y TC Televisión), que dijo “es un signo más de que el oficialismo se ha convertido en un “Estado candidato”. “Además criticó que “sin rubor”, los medios pertenecientes al gobierno hayan transmitido la convención de la lista del presidente Correa. “Convirtieron la sabatina en convención nacional”, acotó. | ||
| 650 | _areclamo transmisión/candidato Fuerza Ecuador/política Ecuador/Teleamazonas Guayaquil/elecciones 2017/transmisión convención/Alianza País/televisión pública/medios incautados/Gama TV TC Televisión/Estado candidato/ | ||
| 942 |
_2ddc _cVM _zIES. |
||
| 999 |
_c35342 _d35342 |
||